000 01209nam0a2200289 4500
001 RU\NLR\bibl\1743856
005 20250616113711.0
035 _a(NLR-PROSOFT19V)rc\1963858
035 _a(NLR Aleph) 001734759
090 _a1421988
_c1421988
100 _a20080428d1913 |||y0rusy50 ca
101 0 _arus
102 _aRU
105 _aa z |||||
200 1 _aПринципы кубизма и других современных течений в живописи всех времен и народов
_fАлександр Шевченко
210 _aМосква
_cизд. А. Шевченко
_d1913
215 _a24 с., 9 л. ил.
_d16
300 _aНа обл.: А.Ш.
309 _aНапеч. на пиш. маш. на одной стороне листа. Литогр.
325 1 _aМикрофильм РНБ Репроцентр Санкт-Петербург, 2011. Шифр: Мф К1/35314
700 1 _aШевченко
_bА. В.
_cхудожник
_f1883-1948
_gАлександр Васильевич
_9249420
_3RU\NLR\AUTH\770249476
801 0 _aRU
_bNLR
_c20080428
801 1 _aRU
_bNLR
_c20110305
852 _aNLR
_jИс30/Б-2/9
942 _cBOOK
980 _aNB